| 000 | 00936nam a2200289 a 4500 | ||
|---|---|---|---|
| 001 | 000012404 | ||
| 003 | DO-SdBNP | ||
| 005 | 20250124091631.0 | ||
| 007 | ta | ||
| 008 | 091112s1980 dr a 001 0 spa d | ||
| 040 |
_aDO-SdBNP _bspa _cBNPHU _erda |
||
| 041 | _hspa | ||
| 082 |
_aRD863.44 _bG277c _222 |
||
| 100 | 1 |
_aGautreaux Piñeyro, Bonaparte, _d1937- _eautor _929089 |
|
| 245 | 1 | 0 |
_aCuentos del abuelo Julio / _cBonaparte Gautreaux Piñeyro. |
| 264 |
_aSanto Domingo : _bGráfica, _c1980. |
||
| 300 |
_a114 paginas : _bilustraciones ; _c21 cm. |
||
| 336 |
_2rdacontent _atexto _btxt |
||
| 337 |
_2rdamedia _asin mediación _bn |
||
| 338 |
_2rdacarrier _avolumen _bnc |
||
| 500 | _aIncluye datos biográficos del autor en la contracubierta | ||
| 590 | _aInventariado, 2020 / DG | ||
| 650 | 0 |
_aCuentos dominicanos _9176 |
|
| 650 | 0 |
_aLiteratura dominicana. _967 |
|
| 910 | _aValidado. Control de calidad EMS | ||
| 942 |
_2ddc _cLBS1 |
||
| 999 |
_c12061 _d12061 |
||